Solar power feed-in tariffs (Record no. 113078)
[ view plain ]
| 000 -LEADER | |
|---|---|
| fixed length control field | 01615cad a22002055a 4500 |
| 001 - CONTROL NUMBER | |
| control field | L154630 |
| 008 - FIXED-LENGTH DATA ELEMENTS--GENERAL INFORMATION | |
| fixed length control field | 120106s2011 xxk f 000 0 eng d |
| 035 ## - SYSTEM CONTROL NUMBER | |
| System control number | (Sirsi) u154630 |
| 041 0# - LANGUAGE CODE | |
| Language code of text/sound track or separate title | eng |
| 110 2# - MAIN ENTRY--CORPORATE NAME | |
| Corporate name or jurisdiction name as entry element | House of Commons Select Committee on Energy and Climate Change |
| 9 (RLIN) | 6001 |
| 245 00 - TITLE STATEMENT | |
| Title | Solar power feed-in tariffs |
| Remainder of title | ninth report of Session 2010-12 of the Energy and Climate Change Committee and tenth report of session 2010-12 of the Environmental Audit Committees |
| Medium | [electronic resource] |
| 260 ## - PUBLICATION, DISTRIBUTION, ETC. | |
| Place of publication, distribution, etc. | London |
| Name of publisher, distributor, etc. | House of Commons |
| Date of publication, distribution, etc. | 2011 |
| 520 ## - SUMMARY, ETC. | |
| Summary, etc. | Report examines the reasons and justifications for government cuts to Feed-in Tariffs (FITs) and argues there is justification for the scheme. It further calls on the government to develop a system to review and adjust FIT rates in an orderly and timely way while considering alternative energy efficiency requirements to the C rated energy efficiency standard. It is also critical of the government's management of the review arguing that is should have taken action earlier and describing the DECC's monitoring and take up of the scheme as deficient. Volume 1 contains the report, together with formal minutes, oral and written evidence and Volume II contains additional written evidence. |
| 590 ## - LOCAL NOTE (RLIN) | |
| Local note | KA NTK |
| 651 #4 - SUBJECT ADDED ENTRY--GEOGRAPHIC NAME | |
| Geographic name | United Kingdom |
| Chronological subdivision | |
| 690 ## - LOCAL SUBJECT ADDED ENTRY--TOPICAL TERM (OCLC, RLIN) | |
| Topical term or geographic name as entry element | ENVIRONMENTAL AND LAND CONSULTANCY-ENERGY |
| 710 1# - ADDED ENTRY--CORPORATE NAME | |
| Corporate name or jurisdiction name as entry element | House of Commons Environmental Audit Committee |
| 856 40 - ELECTRONIC LOCATION AND ACCESS | |
| Uniform Resource Identifier | <a href="https://www.publications.parliament.uk/pa/cm201012/cmselect/cmenergy/1605/1605.pdf">https://www.publications.parliament.uk/pa/cm201012/cmselect/cmenergy/1605/1605.pdf</a> |
| Public note | View Volumes I & 2 of the report free of charge at www.publications.parliament.uk |
| 942 ## - ADDED ENTRY ELEMENTS (KOHA) | |
| Suppress in OPAC | 0 |
| Withdrawn status | Lost status | Source of classification or shelving scheme | Damaged status | Not for loan | Home library | Current library | Shelving location | Date acquired | Total Checkouts | Full call number | Barcode | Date last seen | Copy number | Price effective from | Koha item type |
|---|---|---|---|---|---|---|---|---|---|---|---|---|---|---|---|
| Dewey Decimal Classification | Virtual | Virtual | Online | 06/01/2012 | ONLINE PUBLICATION | 154630-2001 | 06/08/2019 | 1 | 06/08/2019 | Book |